| 000 | 00000nam##2200000za#4500 |
| 001 | 9.638194 |
| 003 | CaOODSP |
| 005 | 20240209132620 |
| 007 | cr ||||||||||| |
| 008 | 150407|2006||||xxc|||||o f|0| 0 fre|d |
| 040 | |aCaOODSP|bfre |
| 043 | |an-cn--- |
| 086 | 1 |aC89-4/121-2006F-PDF |
| 110 | 2 |aAgence de promotion économique du Canada atlantique. |
| 245 | 10|aEn affaires avec les jeunes entrepreneurs |h[ressource électronique] |
| 246 | 1 |aInitiative pour les jeunes entrepreneurs |
| 260 | |bAgence de promotion économique du Canada atlantique |c[2006?]. |
| 300 | |a1p.|bphotographies |
| 500 | |aLe n° de catalogue (C89-4/101-2003) et l’ISBN (0-662-67306-9) copiés dans cette édition électronique sont incorrects. |
| 590 | |a11-06-Supp|b2011-04-14 |
| 691 | 07|aEntreprise|2gcpds |
| 775 | 08|tWorking with young entrepreneurs |w(CaOODSP)9.694011 |
| 856 | 40|ahttp://publications.gc.ca|qPDF|s205 Ko|uhttps://publications.gc.ca/collections/collection_2010/apeca-acoa/C89-4-121-2006-fra.pdf |